000 00267nam a22000977a 4500
999 _c11705
_d11705
008 200110b ||||| |||| 00| 0 eng d
020 _a0439448069
100 _aOsborne Pope Mary
_97376
245 _aStage Fright on the Summer Night
260 _aNew York
_bScholastic
_c2002